| 000 | 00484nam a2200205Ia 4500 | ||
|---|---|---|---|
| 005 | 20250923144555.0 | ||
| 008 | 008 250917s9999 xx 000 0 eng d | ||
| 037 | _aPeriodicals | ||
| 040 |
_aDSWL _beng _cDSWL |
||
| 041 |
_aeng _2eng |
||
| 084 | _qDSWL | ||
| 245 | 0 | _aRural sociology | |
| 260 |
_aKentucky _b University of Kentucby _c1956 |
||
| 300 | _a386p. | ||
| 365 |
_aUSD _b5 |
||
| 490 | _vVol. 62 - 1956 | ||
| 925 | _g5 | ||
| 942 | _cCR | ||
| 999 |
_c1440668 _d1440668 |
||